000
00234nam a2200097Ia 4500
005
20251222114356.0
008
251222s1900||||xx |||||||||||||| ||spa||
082
_a
DVD0120/L25/2000
245
0
_a
Il Trovatore: Giuseppe Verdi:
942
_c
DVD
999
_c
1442
_d
1442